000 00711nam a2200289Ia 4500
005 20260324133554.0
008 008 260324s9999 xx 000 0 eng d
020 _a9781315881010
037 _aEBOOK
040 _aCRL
040 _beng
040 _cCRL
041 _2eng
041 _aeng
084 _qCRL
100 _aSandra Harding; Robert Figueroa
_91193597
245 0 _aScience and Other Cultures
245 0 _bIssues in Philosophies of Science and Technology
260 _bTaylor and Francis
260 _c2003
365 _a
365 _b265
856 _uhttp://www.taylorfrancis.com/books/9781315881010
942 _cEBOOK
999 _c1792770
_d1792770